The Texas instruments Home Computer / (Record no. 176531)
[ view plain ]
| 000 -LEADER | |
|---|---|
| fixed length control field | 00714 a2200193 4500 |
| 003 - CONTROL NUMBER IDENTIFIER | |
| control field | Nust |
| 005 - DATE AND TIME OF LATEST TRANSACTION | |
| control field | 20230523122952.0 |
| 010 ## - LIBRARY OF CONGRESS CONTROL NUMBER | |
| LC control number | 8371195 |
| 020 ## - INTERNATIONAL STANDARD BOOK NUMBER | |
| International Standard Book Number | 0916688518 |
| 040 ## - CATALOGING SOURCE | |
| Transcribing agency | Nust |
| 082 ## - DEWEY DECIMAL CLASSIFICATION NUMBER | |
| Classification number | 004,AHL |
| 100 ## - MAIN ENTRY--PERSONAL NAME | |
| Personal name | Ahl, David H. |
| 9 (RLIN) | 112535 |
| 245 ## - TITLE STATEMENT | |
| Title | The Texas instruments Home Computer / |
| Statement of responsibility, etc. | David H. Ahl |
| 260 ## - PUBLICATION, DISTRIBUTION, ETC. | |
| Place of publication, distribution, etc. | New Jersey |
| Name of publisher, distributor, etc. | Creative Computing Press |
| Date of publication, distribution, etc. | 1983 |
| 300 ## - PHYSICAL DESCRIPTION | |
| Extent | x, 149 p. |
| 505 ## - FORMATTED CONTENTS NOTE | |
| Formatted contents note | Drill and Practice (Page-3), Problem Solving (Page-15), Sets and Repetitive Trials (Page-31), Convergence and Recursion (Page-55), Compounding (Page-70), Probability (Page-85), Geometry and the Calculus (Page-99), Science (Page-111), Potpourri (Page-129). |
| 650 ## - SUBJECT ADDED ENTRY--TOPICAL TERM | |
| Topical term or geographic name entry element | Computers |
| 942 ## - ADDED ENTRY ELEMENTS (KOHA) | |
| Source of classification or shelving scheme | |
| Koha item type | Book Bank |
| Withdrawn status | Lost status | Source of classification or shelving scheme | Damaged status | Not for loan | Permanent Location | Current Location | Shelving location | Date acquired | Full call number | Barcode | Date last seen | Price effective from | Koha item type | Public note |
|---|---|---|---|---|---|---|---|---|---|---|---|---|---|---|
| Military College of Signals (MCS) | Military College of Signals (MCS) | General Stacks | 12/12/2016 | 004,AHL | MCS3548 | 12/08/2016 | 12/12/2016 | Book | Almirah No.79, Shelf No.2 |
